00339nam a2200133Ia 4500008004100000020001500041041000800056082001600064245003300080250000600113260005300119300001200172650002100184210716s1993 xx 000 0 und d a8120308204 aeng a005.45 QUED aQue's ms-dos 5 user's guide. a1 aNew DelhibPrentice Hall of India PVt Ltd.c1993 axxx,945 aMS DOS(005.3682)